000 00570nam a2200181Ia 4500
999 _c6254
_d6254
003 OSt
005 20200127100126.0
008 190216s9999||||xx |||||||||||||| ||und||
020 _a8178666464
040 _coclc
082 _a658.4012
_bCHE/S
100 _aCherunilam, Francis
_9546
245 0 _aStrategic Management : A book on business policy / corporate planning /
_cFrancis Cherunilam
250 _a4th ed.
260 _bHimalaya Publishing House,
_c2002.
_aMumbai:
300 _a262p
942 _cBK
_2ddc
_h658.4012
_iCHE/S
_k658.4012
_mCHE/S